Η μνήμη του ανθρώπου : πώς λειτουργεί - πώς διατηρείται και πώς δύναται να ενισχυθή
Αποθηκεύτηκε σε:
| Κύριος συγγραφέας: | |
|---|---|
| Μορφή: | Βιβλίο |
| Γλώσσα: | Greek |
| Δημοσίευση: |
Αθήναι :
Κ. Σ. Παπαδογιάννη,
1940.
|
| Θέματα: | |
| Ετικέτες: |
Προσθήκη ετικέτας
Δεν υπάρχουν, Καταχωρήστε ετικέτα πρώτοι!
|
MARC
| LEADER | 00000cam a2200000 i 4500 | ||
|---|---|---|---|
| 001 | 1/8202 | ||
| 008 | 100608s1940 gr | ||| |||| ||gre|| | ||
| 035 | |l 10108165 | ||
| 040 | |a GR-MyUA |b gre |e AACR2 | ||
| 041 | 0 | |a gre | |
| 082 | 0 | |a 153.1 |2 (22) | |
| 100 | 1 | |a Δρακουλίδης, Νίκος Ν., |d 1900-1985. | |
| 245 | 1 | 2 | |a Η μνήμη του ανθρώπου : |b πώς λειτουργεί - πώς διατηρείται και πώς δύναται να ενισχυθή / |c Ν. Ν. Δρακουλίδη. |
| 260 | |a Αθήναι : |b Κ. Σ. Παπαδογιάννη, |c 1940. | ||
| 300 | |a 64 σ. ; |c 19 εκ. | ||
| 500 | |a 150η επιστημονική εργασία. | ||
| 650 | 0 | 0 | |a Memory. |
| 852 | |a INST |b SAMOS |c MAG |e 20100608 |h 153.1 ΔΡΑ |p 005300031778 |q 005300031778 |t BK |y 0 | ||
| 901 | |a BIBL3-2010-2 | ||
| 909 | |a Σ |b 162423 | ||
| 970 | |a ΣΙΤΖΙΜΗ |b ΓΙΑΣΕΜΗ |z 2010/06/08 | ||